Cause and effect (Intermediate reading practice)
Na minha lista:
| Autor principal: | |
|---|---|
| Formato: | Livro |
| Idioma: | Undetermined |
| Publicado em: |
Thanh Hóa
Nxb. Thanh Hóa
1996
|
| Assuntos: | |
| Tags: |
Adicionar Tag
Sem tags, seja o primeiro a adicionar uma tag!
|
| Thư viện lưu trữ: | Trung tâm Học liệu Trường Đại học Cần Thơ |
|---|
| LEADER | 00533nam a2200169Ia 4500 | ||
|---|---|---|---|
| 001 | CTU_27692 | ||
| 008 | 210402s9999 xx 000 0 und d | ||
| 082 | |a 428.64 | ||
| 082 | |b A182v | ||
| 100 | |a Patricia Ackert | ||
| 245 | 0 | |a Cause and effect (Intermediate reading practice) | |
| 245 | 0 | |c Patricia Ackert; Dịch giả: Đỗ Lệ Hằng | |
| 260 | |a Thanh Hóa | ||
| 260 | |b Nxb. Thanh Hóa | ||
| 260 | |c 1996 | ||
| 650 | |a english language - study and teaching | ||
| 980 | |a Trung tâm Học liệu Trường Đại học Cần Thơ | ||